The croods (Record no. 168093)

MARC details
000 -LEADER
fixed length control field 00729ngm a2200181 i 4500
001 - CONTROL NUMBER
control field C2-0344356
003 - CONTROL NUMBER IDENTIFIER
control field PPAK
005 - DATE AND TIME OF LATEST TRANSACTION
control field 20180727222841.0
008 - FIXED-LENGTH DATA ELEMENTS--GENERAL INFORMATION
fixed length control field 171231s2013 cau|||| ||||| | vleng d
040 ## - CATALOGING SOURCE
Original cataloging agency PPAK
Language of cataloging eng
Transcribing agency PPAK
Description conventions rda
245 14 - TITLE STATEMENT
Title The croods
264 #1 - PRODUCTION, PUBLICATION, DISTRIBUTION, MANUFACTURE, AND COPYRIGHT NOTICE
Place of production, publication, distribution, manufacture California :
Name of producer, publisher, distributor, manufacturer Dreamworks Animation ,
Date of production, publication, distribution, manufacture, or copyright notice 2013
500 ## - GENERAL NOTE
General note In English, Cantonese, Traditional Mandarin or Vietnamese dialogues; with optional in English, Cantonese, Indonesian, malay, Traditional Mandarin and Vietnamese subtitles. ; Summary : When their home is destroyed, a prehistoric family trave
700 ## - ADDED ENTRY--PERSONAL NAME
Relator term author
Personal name DeMicco, Kirk ; Sanders, Chris,
Relator term compile
Personal name Dapkewicz, Eric ; Holmes, Darren T.,
Relator term editor
942 ## - ADDED ENTRY ELEMENTS (KOHA)
Source of classification or shelving scheme Dewey Decimal Classification
Koha item type Digital Video Disc
Holdings
Withdrawn status Lost status Source of classification or shelving scheme Damaged status Not for loan Current library Shelving location Date acquired Source of acquisition Total Checkouts Full call number Barcode Date last seen Date last checked out Cost, replacement price Koha item type
    Dewey Decimal Classification     Perpustakaan Alor Setar Pinjaman Dewasa 12/02/2018 TBCB 5 791.4334 CLE A01555450 05/03/2022 03/02/2022 32.90 Digital Video Disc